Lucky - Britney Spears (All Lyrics) - Statistics

General Stats
  • This quiz has been taken 113 times
  • The average score is 227 of 270
Answer Stats
Lyrics % Correct
a
100%
She
100%
she
100%
the
100%
Lucky
99%
lucky,
99%
Lucky!”
99%
Lucky.”
99%
so
99%
do
97%
is
97%
is,
97%
no
97%
Then
96%
But
95%
but
95%
cry,
95%
cry?
95%
girl
95%
girl?”
95%
girl?
95%
night?
95%
nothing
95%
“She’s
95%
she’s
95%
"She's
95%
she's
95%
star.”
95%
at
93%
come
93%
in
93%
there
93%
why
93%
Why
93%
life
92%
life,
92%
missing
92%
my
92%
tears
92%
This
92%
this
92%
heart,
91%
If
91%
lonely
91%
on
91%
her
89%
an
88%
there’s
88%
there's
88%
They
88%
they
88%
story
87%
these
87%
thinking
87%
about
86%
And
86%
and
86%
named
86%
say
84%
up
83%
cries
79%
wake
79%
morning
78%
for
78%
door
76%
Early
76%
Knock,
76%
knock,
76%
knock
76%
wakes
76%
it
75%
to
75%
“Isn’t
72%
Isn't
72%
makeup,
72%
perfect
72%
time
72%
when
72%
Hollywood
71%
It’s
71%
one
68%
smile
68%
go,
67%
lovely,
63%
me,
62%
all
61%
you
61%
waiting
59%
tell
58%
what
57%
does
54%
happens
51%
dream
50%
stops?
50%
world
50%
spinning,
49%
they’re
47%
keeps
46%
winner
46%
"Oh
45%
here
42%
"I'm
42%
winning
39%
God,
37%
comes!”
29%
Lost
29%
image,
28%
standing
21%
outside
14%
arena
12%
News,
12%
Johnson
11%
Roger
11%
Pop
9%
"Best
8%
actress,
7%
No matching quizzes found
Score Distribution
Percent of People with Each Score
Percentile by Number Answered
Your Score History
You have not taken this quiz